PRAKRITIK CHIKITSA AND YOG : PURAN SWASTHYA KA MUL AADHAR (IN HINDI) (Record no. 24467)

MARC details
000 -LEADER
fixed length control field 00474nam a22001697a 4500
003 - CONTROL NUMBER IDENTIFIER
control field SGT
020 ## - INTERNATIONAL STANDARD BOOK NUMBER
International Standard Book Number 9789392787225
082 ## - DEWEY DECIMAL CLASSIFICATION NUMBER
Classification number 610.73
Item number P22R
100 ## - MAIN ENTRY--PERSONAL NAME
Personal name RASHTOGI, RAJIV
245 ## - TITLE STATEMENT
Title PRAKRITIK CHIKITSA AND YOG : PURAN SWASTHYA KA MUL AADHAR (IN HINDI)
250 ## - EDITION STATEMENT
Edition statement 1ST
260 ## - PUBLICATION, DISTRIBUTION, ETC. (IMPRINT)
Place of publication, distribution, etc INDIA
Name of publisher, distributor, etc SSB PUB.
Year of Publication 2022
300 ## - PAGE DESCRIPTION
No. of Pages 54
650 ## - SUBJECT ADDED ENTRY--TOPICAL TERM
Topical term or geographic name as entry element NURSING
653 ## - KEYWORDS--INDEX TERM
Keyword term PRAKRITIK CHIKITSA AND YOG PURAN SWASTHYA KA MUL AADHAR, SGTU FACULTY PUBLICATION
942 ## - ADDED ENTRY ELEMENTS (KOHA)
Source of classification or shelving scheme Dewey Decimal Classification
Koha item type Books
Holdings
Withdrawn status Lost status Source of classification or shelving scheme Damaged status Not for loan Collection code Home library Current library Shelving location Date acquired Vendor Name SGTU Total Checkouts Full call number Accession No. (Barcode) Date last seen Bill Date Koha item type
    Dewey Decimal Classification   Not For Loan NURSING SGT Medical Library SGT Medical Library Reference Book 25/07/2023 COMP SGTU   610.73 P22R FN4754 25/07/2023 25/07/2023 Books
    Dewey Decimal Classification   Not For Loan NURSING SGT Medical Library SGT Medical Library Reference Book 25/07/2023 COMP SGTU   610.73 P22R FN4755 25/07/2023 25/07/2023 Books